Hệ thống kỹ thuật số nhập môn

Salvato in:
Dettagli Bibliografici
Autore principale: HỒ TẤN MẪN
Natura: Libro
Lingua:Undetermined
Pubblicazione: Đà Nẵng Đà Nẵng 2002
Soggetti:
Tags: Aggiungi Tag
Nessun Tag, puoi essere il primo ad aggiungerne! !
Thư viện lưu trữ: Trung tâm Học liệu Trường Đại học Cần Thơ
LEADER 00520nam a2200169Ia 4500
001 CTU_49078
008 210402s9999 xx 000 0 und d
082 |a 621.391 
082 |b M121 
100 |a HỒ TẤN MẪN 
245 0 |a Hệ thống kỹ thuật số nhập môn 
245 0 |c HỒ TẤN MẪN 
260 |a Đà Nẵng 
260 |b Đà Nẵng 
260 |c 2002 
650 |a digital control systems,digital electronics 
980 |a Trung tâm Học liệu Trường Đại học Cần Thơ